Company crisis as opportunity

Výsledky výskumu, ktorého cieľom bolo potvrdenie alebo odmietnutie hypotézy, že kríza je pre podnik príležitosťou. Identifikácia faktorov pôsobiacich na úspešnosť vyvedenia podniku z krízy a zaujatie vyššej konkurenčnej pozície, než aká bola pred krízou.

Gespeichert in:
Bibliographische Detailangaben
1. Verfasser: Zuzák, Roman
Format: Buchkapitel
Sprache:Englisch
Schlagworte:
Tags: Tag hinzufügen
Keine Tags, Fügen Sie das erste Tag hinzu!

MARC

LEADER 00000naa$a2200000$$$4500
001 0052942
005 20231114071730.2
041 0 |a eng 
044 |a CZ 
245 1 0 |a Company crisis as opportunity  |c Roman Zuzák 
520 |a Výsledky výskumu, ktorého cieľom bolo potvrdenie alebo odmietnutie hypotézy, že kríza je pre podnik príležitosťou. Identifikácia faktorov pôsobiacich na úspešnosť vyvedenia podniku z krízy a zaujatie vyššej konkurenčnej pozície, než aká bola pred krízou. 
610 2 0 |a podnik 
610 2 0 |a vývoj podniku 
610 2 0 |a kríza podniku 
100 1 |a Zuzák, Roman